[Event "SV Günnigfeld 1 - SV Mülheim-Nord 4"]
[Site "Verbandsklasse - Gr. 1 2019/2"]
[Date "2020.03.01"]
[Round "7.4"]
[White "Funke, Eckhard"]
[Black "Dezent, Ilia"]
[Result "1-0"]
[WhiteElo "1840"]
[BlackElo "1825"]
[PlyCount "107"]
[EventDate "2020.??.??"]
[WhiteTeam "SV Günnigfeld 1"]
[BlackTeam "SV Mülheim-Nord 4"]

1. d4 Nf6 2. c4 g6 3. Nc3 Bg7 4. e4 d6 5. h3 O-O 6. Nf3 e5 7. d5 Na6 8. Bg5 h6
9. Be3 Nc5 10. Nd2 a5 11. a3 Bd7 12. b4 axb4 13. axb4 Rxa1 14. Qxa1 Na6 15. Qa3
Nh5 16. Nf3 f5 17. Bd3 Nf4 18. Bxf4 exf4 19. O-O g5 20. exf5 Bxf5 21. Bxf5 Rxf5
22. Re1 Rf7 23. Nb5 Re7 24. Rxe7 Qxe7 25. Nbd4 Qe4 26. Ne6 Qxc4 27. Qa4 c6 28.
Nxg7 Kxg7 29. dxc6 bxc6 30. Qa1+ Kg6 31. Qb1+ Kf6 32. Qd1 Qd5 33. Qe2 Kg6 34.
Qxa6 h5 35. Qc8 Kh6 36. Qf8+ Kg6 37. Qe8+ Kh6 38. Qh8+ Kg6 39. Nd4 c5 40. bxc5
dxc5 41. Qe8+ Kf6 42. Qf8+ Kg6 43. Nf3 c4 44. Qe8+ Kf6 45. Qxh5 Qb5 46. Qh6+
Ke7 47. Nxg5 Qe5 48. Nf3 Qe4 49. Qg7+ Kd6 50. Qd4+ Qxd4 51. Nxd4 Kd5 52. Nc2 c3
53. Kf1 Kc4 54. Ke2 1-0

[Event "SV Günnigfeld 1 - SV Mülheim-Nord 4"]
[Site "Verbandsklasse - Gr. 1 2019/2"]
[Date "2020.03.01"]
[Round "7.5"]
[White "Vavro, Maximilian"]
[Black "Jaennekes, Oliver"]
[Result "0-1"]
[WhiteElo "1758"]
[BlackElo "1832"]
[PlyCount "60"]
[EventDate "2020.??.??"]
[WhiteTeam "SV Mülheim-Nord 4"]
[BlackTeam "SV Günnigfeld 1"]

1. d4 Nf6 2. c4 c5 3. d5 b5 4. cxb5 a6 5. bxa6 e6 6. dxe6 fxe6 7. g3 d5 8. Bg2
Rxa6 9. Nf3 Nc6 10. O-O Be7 11. Bf4 O-O 12. a3 Qb6 13. Qc1 Bd7 14. e3 Nh5 15.
Ne5 Nxf4 16. exf4 Nxe5 17. fxe5 Bb5 18. Rd1 c4 19. Nc3 Rxf2 20. Kh1 Be8 21.
Nxd5 exd5 22. Bxd5+ Kh8 23. Qxc4 Qxb2 24. Ra2 Rxh2+ 25. Kg1 Qxa2 26. Qxa2 Rxa2
27. Bxa2 Rxa3 28. Bc4 Rxg3+ 29. Kf2 Rc3 30. Be2 g6 0-1

[Event "SV Günnigfeld 1 - SV Mülheim-Nord 4"]
[Site "Verbandsklasse - Gr. 1 2019/2"]
[Date "2020.03.01"]
[Round "7.6"]
[White "Brinkmann, Uwe"]
[Black "Khanzadayev, Sabir"]
[Result "1/2-1/2"]
[WhiteElo "1913"]
[BlackElo "1520"]
[Annotator "Daniel"]
[PlyCount "82"]
[EventDate "2020.??.??"]
[WhiteTeam "SV Günnigfeld 1"]
[BlackTeam "SV Mülheim-Nord 4"]

1. d4 d6 2. e4 Nd7 3. Nf3 c5 4. Nc3 cxd4 5. Qxd4 a6 6. Be3 Ngf6 7. Rd1 Qc7 8.
Qd2 b5 9. a3 Bb7 10. Bd3 h6 11. Nd4 e6 12. f3 Be7 13. Qf2 d5 14. exd5 Bxd5 15.
O-O O-O 16. Nde2 Bc5 17. Nxd5 Nxd5 18. Bxc5 Qxc5 19. Be4 Qxf2+ 20. Kxf2 N7f6
21. Bxd5 Nxd5 $11 22. Rd4 Rac8 23. c3 Rc4 24. Rfd1 Rfc8 25. g3 Kf8 26. Nc1 a5
27. Nb3 Rxd4 28. Rxd4 b4 29. axb4 axb4 30. c4 Nb6 31. c5 Na4 32. Rxb4 Nxc5 33.
Nxc5 Rxc5 34. Ke3 Rc2 35. h4 h5 36. Rb7 Rg2 37. Kf4 e5+ 38. Kxe5 Rxg3 39. Rb8+
Ke7 40. Rb7+ Kf8 41. Rb8+ Ke7 1/2-1/2

[Event "SV Günnigfeld 1 - SV Mülheim-Nord 4"]
[Site "Verbandsklasse - Gr. 1 2019/2"]
[Date "2020.03.01"]
[Round "7.7"]
[White "Schulz, Hans"]
[Black "Bender, Markus"]
[Result "0-1"]
[WhiteElo "1276"]
[BlackElo "1832"]
[PlyCount "58"]
[EventDate "2020.??.??"]
[WhiteTeam "SV Mülheim-Nord 4"]
[BlackTeam "SV Günnigfeld 1"]

1. c4 e6 2. g3 d5 3. Bg2 c6 4. cxd5 exd5 5. e3 Nf6 6. Ne2 Nbd7 7. a3 a5 8. h3
Bd6 9. d3 Nc5 10. d4 Nce4 11. O-O h5 12. Nd2 Bf5 13. Nf3 Qc8 14. Kh2 h4 15. Nf4
g5 16. Nxg5 Nxg5 17. Kg1 Nxh3+ 18. Nxh3 Bxh3 19. Qf3 Bg4 20. Qxf6 Kd7 21. e4 h3
22. f3 hxg2 23. Bg5 gxf1=Q+ 24. Rxf1 Qe8 25. e5 Be7 26. Qf4 Bh3 27. Rf2 Bxg5
28. Qxg5 Qe6 29. Rh2 Qh6 0-1

[Event "SV Günnigfeld 1 - SV Mülheim-Nord 4"]
[Site "Verbandsklasse - Gr. 1 2019/2"]
[Date "2020.03.01"]
[Round "7.8"]
[White "Goedeke, Ralf"]
[Black "Almohamad Alhasan, Ibrahim"]
[Result "1/2-1/2"]
[WhiteElo "1710"]
[BlackElo "1176"]
[PlyCount "69"]
[EventDate "2020.??.??"]
[WhiteTeam "SV Günnigfeld 1"]
[BlackTeam "SV Mülheim-Nord 4"]

1. Nf3 Nf6 2. c4 c6 3. Nc3 d5 4. e3 Bg4 5. cxd5 cxd5 6. d4 e6 7. Qa4+ Nc6 8.
Ne5 Qb6 9. Nxg4 Nxg4 10. h3 Nf6 11. a3 Bd6 12. Bd3 O-O 13. O-O Rac8 14. Rb1 a6
15. Bd2 Qc7 16. Rfc1 Rfe8 17. Ne2 Qd7 18. f4 Ne7 19. Qb3 h6 20. Be1 Ne4 21.
Bxe4 dxe4 22. Nc3 f5 23. Bh4 Nc6 24. Qd1 Qf7 25. g4 Be7 26. Bxe7 Nxe7 27. Kh2
Ng6 28. Qe1 Qf6 29. Qg3 Nh4 30. Kh1 Nf3 31. Rc2 g5 32. Rg2 Kf7 33. Ne2 Rg8 34.
Ng1 Nh4 35. Rf2 1/2-1/2

[Event "Sport Union Annen 1 - SF Buer 1"]
[Site "Verbandsklasse - Gr. 1 2019/2"]
[Date "2020.03.01"]
[Round "7.1"]
[White "Große-Frintrop, Gerd"]
[Black "Wicht, Juergen"]
[Result "0-1"]
[WhiteElo "2009"]
[BlackElo "2008"]
[PlyCount "90"]
[EventDate "2020.??.??"]
[WhiteTeam "SF Buer 1"]
[BlackTeam "Sport Union Annen 1"]

1. d4 e6 2. c4 Bb4+ 3. Nc3 f5 4. g3 Nf6 5. a3 Bxc3+ 6. bxc3 O-O 7. Bg2 d6 8.
Rb1 c6 9. Nh3 Qa5 10. Qc2 e5 11. O-O Ne4 12. Rb4 Na6 13. Rb3 Qa4 14. Qb2 Qxc4
15. Ng5 Nxg5 16. Bxg5 Re8 17. Re1 h6 18. Bd2 b6 19. e3 Be6 20. Rb1 Qxb3 21.
Qxb3 Bxb3 22. Rxb3 e4 23. c4 Nc7 24. Bf1 Ne6 25. h4 g5 26. Bh3 Rf8 27. a4 Rab8
28. Bb4 c5 29. Ba3 gxh4 30. gxh4 Ng7 31. Bb2 Nh5 32. d5 Kh7 33. Kh2 Kg6 34. Bc3
Nf6 35. Rb1 Ng4+ 36. Kg3 Ne5 37. Kf4 Nd3+ 38. Kg3 f4+ 39. exf4 Nxf4 40. Bg4 h5
41. Bd1 Kf5 42. f3 Rg8+ 43. Kf2 e3+ 44. Kxe3 Rbe8+ 45. Kf2 Nh3+ 0-1

[Event "Sport Union Annen 1 - SF Buer 1"]
[Site "Verbandsklasse - Gr. 1 2019/2"]
[Date "2020.03.01"]
[Round "7.2"]
[White "Mainka, Gregor"]
[Black "Schorra, Helmut"]
[Result "1/2-1/2"]
[WhiteElo "2151"]
[BlackElo "2078"]
[PlyCount "90"]
[EventDate "2020.??.??"]
[WhiteTeam "Sport Union Annen 1"]
[BlackTeam "SF Buer 1"]

1. c4 e5 2. Nc3 Nf6 3. Nf3 Nc6 4. g3 d5 5. cxd5 Nxd5 6. Bg2 Nb6 7. O-O Be7 8.
d3 O-O 9. a3 a5 10. Be3 Be6 11. Na4 Nd5 12. Bc5 b5 13. Bxe7 Qxe7 14. Qc2 Ra6
15. Nc5 Rb6 16. e3 Rd8 17. Rac1 Bc8 18. Rfe1 Nf6 19. d4 exd4 20. exd4 Qd6 21.
h3 g6 22. Rcd1 Bf5 23. Qd2 Kg7 24. Ne5 Nxd4 25. Nb7 Rxb7 26. Bxb7 Bc2 27. Qxc2
Nxc2 28. Rxd6 cxd6 29. Rc1 Nd4 30. Nc6 Rd7 31. Nxd4 Rxb7 32. Rc6 Ne8 33. Kf1
Kf6 34. Ke2 Ke5 35. Kd3 Nc7 36. Rc2 Kd5 37. Nc6 a4 38. Nb4+ Ke6 39. f4 Kd7 40.
g4 Ne6 41. Nd5 Nc5+ 42. Kd4 Nb3+ 43. Kd3 Ke6 44. Nc7+ Kd7 45. Nd5 Ke6 1/2-1/2

[Event "Sport Union Annen 1 - SF Buer 1"]
[Site "Verbandsklasse - Gr. 1 2019/2"]
[Date "2020.03.01"]
[Round "7.3"]
[White "Wilbert, Siegfried"]
[Black "Al Ali, Mohammad"]
[Result "0-1"]
[WhiteElo "1895"]
[BlackElo "1900"]
[PlyCount "66"]
[EventDate "2020.??.??"]
[WhiteTeam "SF Buer 1"]
[BlackTeam "Sport Union Annen 1"]

1. c4 e5 2. Nc3 Nf6 3. g3 Bb4 4. Bg2 Nc6 5. e3 O-O 6. Nge2 d6 7. a3 Bxc3 8.
Nxc3 Be6 9. Nd5 Re8 10. b4 e4 11. Bb2 Nxd5 12. cxd5 Bxd5 13. d3 Qg5 14. O-O
exd3 15. f4 Qf5 16. g4 Qe6 17. e4 Bxe4 18. Re1 Qd5 19. Bxe4 Rxe4 20. Qd2 Rae8
21. Qc3 Qd4+ 22. Qxd4 Rxe1+ 23. Rxe1 Rxe1+ 24. Kf2 Re2+ 25. Kf1 Nxd4 26. Bxd4
Rxh2 27. Ke1 Ra2 28. Bxa7 Rxa3 29. Bb8 Rc3 30. Kd2 Rc4 31. Kxd3 Rxb4 32. Bxc7
Rxf4 33. Bxd6 Rxg4 0-1

[Event "Sport Union Annen 1 - SF Buer 1"]
[Site "Verbandsklasse - Gr. 1 2019/2"]
[Date "2020.03.01"]
[Round "7.4"]
[White "Sondermann, Dirk"]
[Black "Renk, Christoph"]
[Result "0-1"]
[WhiteElo "1819"]
[BlackElo "1946"]
[PlyCount "72"]
[EventDate "2020.??.??"]
[WhiteTeam "Sport Union Annen 1"]
[BlackTeam "SF Buer 1"]

1. d4 Nf6 2. Nf3 c5 3. e3 e6 4. Bd3 Nc6 5. O-O b6 6. c4 cxd4 7. exd4 d5 8. cxd5
Nxd5 9. Bb5 Bd7 10. Bxc6 Bxc6 11. Ne5 Rc8 12. Nxc6 Rxc6 13. Qa4 Qd7 14. Bd2 Be7
15. Na3 Rc8 16. Qa6 O-O 17. Rac1 Bb4 18. Qd3 Qa4 19. Rxc8 Rxc8 20. Rc1 Rxc1+
21. Bxc1 Bxa3 22. bxa3 b5 23. h3 Qc4 24. Qxc4 bxc4 25. Kf1 f5 26. Ke1 h5 27.
Kd1 f4 28. Kc2 Kf7 29. Bd2 Kf6 30. Bc3 Kf5 31. Kd2 g5 32. Kc2 h4 33. Ba5 f3 34.
gxf3 Nf4 35. Kc3 Nxh3 36. Kxc4 Nf4 0-1

[Event "Sport Union Annen 1 - SF Buer 1"]
[Site "Verbandsklasse - Gr. 1 2019/2"]
[Date "2020.03.01"]
[Round "7.5"]
[White "Andersen, Knut"]
[Black "Herrmann, Uwe"]
[Result "1-0"]
[WhiteElo "1932"]
[BlackElo "1885"]
[PlyCount "79"]
[EventDate "2020.??.??"]
[WhiteTeam "SF Buer 1"]
[BlackTeam "Sport Union Annen 1"]

1. d4 Nf6 2. g3 g6 3. Bg2 Bg7 4. c4 d6 5. Nf3 O-O 6. Nc3 Nbd7 7. O-O e5 8. Rb1
a5 9. b3 Re8 10. Bb2 c6 11. e3 e4 12. Nd2 d5 13. cxd5 cxd5 14. f3 exf3 15. Qxf3
Nb6 16. e4 dxe4 17. Ndxe4 Bf5 18. Nxf6+ Bxf6 19. Rbd1 h5 20. Nb5 Qd7 21. a4
Rab8 22. Rc1 Bg7 23. Rc7 Qe6 24. Kh1 Rec8 25. Rxc8+ Rxc8 26. d5 Qd7 27. Bxg7
Kxg7 28. d6 Rc2 29. Qe3 Rxg2 30. Rxf5 Qxf5 31. Kxg2 Qd5+ 32. Kf2 Nd7 33. Qc3+
Kh7 34. Qxa5 Nc5 35. Qc7 Ne4+ 36. Ke3 Nc5 37. Qe7 Kg7 38. Nd4 Nxb3 39. Ne6+
Qxe6+ 40. Qxe6 1-0

[Event "Sport Union Annen 1 - SF Buer 1"]
[Site "Verbandsklasse - Gr. 1 2019/2"]
[Date "2020.03.01"]
[Round "7.6"]
[White "Hartung, Thomas"]
[Black "Seppelfricke, Guido"]
[Result "1-0"]
[WhiteElo "1872"]
[BlackElo "1874"]
[PlyCount "51"]
[EventDate "2020.??.??"]
[WhiteTeam "Sport Union Annen 1"]
[BlackTeam "SF Buer 1"]

1. e4 e5 2. Nf3 Nc6 3. Bb5 a6 4. Ba4 Nf6 5. O-O d6 6. d4 exd4 7. Nxd4 Bd7 8. c3
Be7 9. Bc2 O-O 10. Re1 Re8 11. Nd2 Bf8 12. Nf1 g6 13. Bg5 Bg7 14. Qd2 Qc8 15.
Rad1 Ne5 16. f3 h5 17. Ne3 Nh7 18. Nd5 f6 19. Bh6 Rb8 20. Bxg7 Kxg7 21. b3 Nf8
22. f4 Nf7 23. Qf2 Ne6 24. f5 Nxd4 25. fxg6 f5 26. gxf7 1-0

[Event "Sport Union Annen 1 - SF Buer 1"]
[Site "Verbandsklasse - Gr. 1 2019/2"]
[Date "2020.03.01"]
[Round "7.7"]
[White "Kreitling, Oliver"]
[Black "Jeschke, Holger"]
[Result "0-1"]
[WhiteElo "1888"]
[BlackElo "1877"]
[PlyCount "64"]
[EventDate "2020.??.??"]
[WhiteTeam "SF Buer 1"]
[BlackTeam "Sport Union Annen 1"]

1. d4 Nf6 2. c4 c5 3. d5 b5 4. cxb5 a6 5. bxa6 Bxa6 6. Nc3 d6 7. e4 Bxf1 8.
Kxf1 Nbd7 9. Nf3 g6 10. g3 Bg7 11. Kg2 O-O 12. Qc2 Ne8 13. Re1 Nc7 14. Bf4 Nb6
15. h4 Qd7 16. h5 Nb5 17. hxg6 fxg6 18. e5 Nd4 19. Nxd4 cxd4 20. Nd1 Nxd5 21.
Qc4 e6 22. Qxd4 Ra4 23. Qd2 Nxf4+ 24. gxf4 Qb7+ 25. Kg1 Raxf4 26. exd6 Rg4+ 27.
Kf1 Qg2+ 28. Ke2 Qf3+ 29. Kf1 Rh4 30. Qg5 Rh1+ 31. Qg1 Qd3+ 32. Kg2 Qh3# 0-1

[Event "Sport Union Annen 1 - SF Buer 1"]
[Site "Verbandsklasse - Gr. 1 2019/2"]
[Date "2020.03.01"]
[Round "7.8"]
[White "Zadow, Ralf"]
[Black "Altieri, Dennis"]
[Result "1/2-1/2"]
[WhiteElo "1851"]
[BlackElo "1685"]
[PlyCount "75"]
[EventDate "2020.??.??"]
[WhiteTeam "Sport Union Annen 1"]
[BlackTeam "SF Buer 1"]

1. e4 c5 2. d4 cxd4 3. c3 dxc3 4. Nxc3 d6 5. Nf3 Nc6 6. Bc4 e6 7. O-O Nf6 8.
Qe2 a6 9. Rd1 Qc7 10. Bf4 Ne5 11. Bb3 Nxf3+ 12. Qxf3 e5 13. Nd5 Nxd5 14. Rac1
Qe7 15. exd5 Qf6 16. Re1 Be7 17. Rc7 O-O 18. Qc3 Bd8 19. Rc4 exf4 20. Rxc8 Rxc8
21. Qxc8 Qxb2 22. Qxb7 a5 23. Qc6 Qf6 24. Ba4 g5 25. Bc2 g4 26. Qc8 h5 27. Qf5
Qxf5 28. Bxf5 Bb6 29. Kf1 Kg7 30. Bd7 Kf6 31. Re8 Rxe8 32. Bxe8 h4 33. f3 Ke7
34. Bb5 f5 35. h3 gxh3 36. gxh3 Kf6 37. a4 Ke5 38. Bc6 1/2-1/2

[Event "SV Kamen 2 - SF Kirchhellen 1"]
[Site "Verbandsklasse - Gr. 1 2019/2"]
[Date "2020.03.01"]
[Round "7.1"]
[White "Schlueter, Christoph"]
[Black "Koch, Marcel"]
[Result "1/2-1/2"]
[WhiteElo "1946"]
[BlackElo "1925"]
[PlyCount "48"]
[EventDate "2020.??.??"]
[WhiteTeam "SF Kirchhellen 1"]
[BlackTeam "SV Kamen 2"]

1. e4 d5 2. d4 dxe4 3. Nc3 Nf6 4. f3 exf3 5. Nxf3 c6 6. Bc4 e6 7. Bg5 Be7 8.
Qe2 Nbd7 9. O-O Nb6 10. Bd3 h6 11. Bh4 Nbd5 12. Nxd5 Nxd5 13. Ne5 Nf6 14. c3
Bd7 15. Bxf6 Bxf6 16. Qh5 Qe7 17. Nxf7 Rf8 18. Nd6+ Kd8 19. Nxb7+ Kc7 20. Ba6
e5 21. Rae1 Rab8 22. dxe5 Bg5 23. Rxf8 Qxf8 24. Qd1 Bc8 1/2-1/2

[Event "SV Kamen 2 - SF Kirchhellen 1"]
[Site "Verbandsklasse - Gr. 1 2019/2"]
[Date "2020.03.01"]
[Round "7.2"]
[White "Traunecker, Thomas"]
[Black "Sinnwell, Horst"]
[Result "1/2-1/2"]
[WhiteElo "1870"]
[BlackElo "2054"]
[PlyCount "23"]
[EventDate "2020.??.??"]
[WhiteTeam "SV Kamen 2"]
[BlackTeam "SF Kirchhellen 1"]

1. Nf3 d5 2. d4 Nf6 3. c4 e6 4. g3 Be7 5. Bg2 O-O 6. O-O Nbd7 7. Qc2 c5 8. cxd5
Nxd5 9. Nc3 Nxc3 10. bxc3 Qc7 11. Bf4 Bd6 12. Ng5 1/2-1/2

[Event "SV Kamen 2 - SF Kirchhellen 1"]
[Site "Verbandsklasse - Gr. 1 2019/2"]
[Date "2020.03.01"]
[Round "7.3"]
[White "Borgs, Martin"]
[Black "Bals, Jochen"]
[Result "1/2-1/2"]
[WhiteElo "1972"]
[BlackElo "1887"]
[PlyCount "39"]
[EventDate "2020.??.??"]
[WhiteTeam "SF Kirchhellen 1"]
[BlackTeam "SV Kamen 2"]

1. d4 d5 2. Nf3 e6 3. Bf4 Bd6 4. Bg3 Nf6 5. e3 O-O 6. Bd3 c5 7. c3 Nc6 8. Nbd2
c4 9. Bc2 Qc7 10. e4 dxe4 11. Nxe4 Nxe4 12. Bxe4 f5 13. Bxd6 Qxd6 14. Bxc6 Qxc6
15. O-O b5 16. Ne5 Qe4 17. Re1 Qd5 18. Qf3 Bb7 19. Qxd5 Bxd5 20. f3 1/2-1/2

[Event "SV Kamen 2 - SF Kirchhellen 1"]
[Site "Verbandsklasse - Gr. 1 2019/2"]
[Date "2020.03.01"]
[Round "7.4"]
[White "Georg, Felix"]
[Black "Hoffterheide, Thomas"]
[Result "1-0"]
[WhiteElo "1952"]
[BlackElo "1968"]
[Annotator "Daniel"]
[PlyCount "93"]
[EventDate "2020.??.??"]
[WhiteTeam "SV Kamen 2"]
[BlackTeam "SF Kirchhellen 1"]

1. d4 Nf6 2. Nf3 e6 3. c4 d5 4. Nc3 c6 5. Bg5 Be7 6. e3 Nbd7 7. Bd3 O-O 8. O-O
dxc4 9. Bxc4 Nd5 10. Bxe7 Qxe7 11. Bb3 Nxc3 12. bxc3 b6 13. Qd3 Bb7 14. Bc2 g6
15. Qe4 Rab8 16. Qf4 c5 17. Rfd1 cxd4 18. cxd4 Qf6 $11 19. Qxf6 Nxf6 20. Ne5
Rfd8 21. Ba4 Bd5 22. Rdc1 Rbc8 23. f3 a6 24. Bc6 Rc7 25. Bxd5 Rxc1+ 26. Rxc1
Nxd5 27. Nc6 Rd7 28. e4 Ne7 29. Nxe7+ Rxe7 30. Kf2 Rb7 31. Ke3 Kf8 32. Rc6 Ke7
33. d5 exd5 34. exd5 Kd7 35. Kd4 a5 36. a4 b5 37. axb5 Rxb5 38. Ra6 Rb4+ 39.
Kc5 Rb2 40. Ra7+ Ke8 41. Kd6 Rb6+ 42. Kc7 Rb2 43. Ra8+ Ke7 44. d6+ Kf6 45. d7
Rc2+ 46. Kb6 Rb2+ 47. Ka6 1-0

[Event "SV Kamen 2 - SF Kirchhellen 1"]
[Site "Verbandsklasse - Gr. 1 2019/2"]
[Date "2020.03.01"]
[Round "7.5"]
[White "Schueppel, Werner"]
[Black "Spaeh, Jan Lukas"]
[Result "1/2-1/2"]
[WhiteElo "1905"]
[BlackElo "1795"]
[PlyCount "70"]
[EventDate "2020.??.??"]
[WhiteTeam "SF Kirchhellen 1"]
[BlackTeam "SV Kamen 2"]

1. d4 Nf6 2. Nf3 g6 3. Nc3 Bg7 4. e4 d6 5. Bc4 O-O 6. O-O Nc6 7. Qe2 e5 8. dxe5
Nxe5 9. Nxe5 dxe5 10. Rd1 Nd7 11. Be3 c6 12. a4 a5 13. Rd2 Qe7 14. Rad1 Nc5 15.
f3 Re8 16. Qf2 Bf8 17. Ne2 Nxa4 18. c3 Nc5 19. b4 axb4 20. cxb4 Ne6 21. b5 Qb4
22. Bxe6 Bxe6 23. bxc6 bxc6 24. h4 h5 25. Nc1 Bc4 26. Rb2 Qe7 27. Nb3 Bxb3 28.
Rxb3 Red8 29. Rc1 Qd7 30. Rbc3 Ra6 31. Qc2 c5 32. Bxc5 Bxc5+ 33. Rxc5 Qd4+ 34.
Kh2 Rad6 35. Rc8 Kg7 1/2-1/2

[Event "SV Kamen 2 - SF Kirchhellen 1"]
[Site "Verbandsklasse - Gr. 1 2019/2"]
[Date "2020.03.01"]
[Round "7.6"]
[White "Markert, Dirk"]
[Black "Belitz, Marco"]
[Result "0-1"]
[WhiteElo "1846"]
[BlackElo "1761"]
[Annotator "Daniel"]
[PlyCount "76"]
[EventDate "2020.??.??"]
[WhiteTeam "SV Kamen 2"]
[BlackTeam "SF Kirchhellen 1"]

1. d4 Nf6 2. Bf4 g6 3. Nc3 c5 4. e3 Bg7 5. h4 $11 a6 6. Nf3 cxd4 7. exd4 d6 8.
Qd2 h5 9. Be2 O-O 10. O-O-O b5 11. Ng5 Bb7 12. Bf3 Qc7 13. Rhe1 Nc6 14. Qe3
Rfe8 15. Bxc6 Bxc6 16. f3 b4 17. Ne2 Rac8 18. Rd2 Qa5 19. Kb1 Bd5 20. Nc1 Bc4
21. Qf2 Nd5 22. Bg3 Nc3+ 23. bxc3 bxc3 24. Ne4 cxd2 25. Nxd2 Bd5 26. Ndb3 Qb6
27. Qd2 Rc4 28. Bf2 e6 29. g4 Bxf3 30. gxh5 Bxh5 31. Ne2 Rec8 32. Rc1 a5 33.
Ka1 a4 34. Na5 Rb4 35. Be1 Rb5 36. Nf4 Bxd4+ 37. c3 Bxc3+ 38. Rxc3 Rb1# 0-1

[Event "SV Kamen 2 - SF Kirchhellen 1"]
[Site "Verbandsklasse - Gr. 1 2019/2"]
[Date "2020.03.01"]
[Round "7.7"]
[White "Kueper, Peter"]
[Black "Rotter, Chris"]
[Result "0-1"]
[WhiteElo "1806"]
[BlackElo "1739"]
[PlyCount "76"]
[EventDate "2020.??.??"]
[WhiteTeam "SF Kirchhellen 1"]
[BlackTeam "SV Kamen 2"]

1. e4 e6 2. d4 d5 3. Nc3 Nf6 4. Bg5 dxe4 5. Nxe4 Be7 6. Nxf6+ Bxf6 7. Bxf6 Qxf6
8. Nf3 Nc6 9. c3 O-O 10. Bd3 b6 11. Be4 Bb7 12. Ne5 Nxe5 13. Bxb7 Rad8 14. O-O
Nc4 15. Qe2 Nd6 16. Bc6 a5 17. a3 Nf5 18. b4 axb4 19. axb4 Ne7 20. Bf3 Nd5 21.
Qc4 c5 22. dxc5 bxc5 23. Bxd5 Rxd5 24. b5 Rb8 25. Rfd1 Rh5 26. Rd7 g6 27. g3
Qf3 28. Rd3 Qb7 29. Rb1 Re5 30. Rd6 Qf3 31. Rd3 Qf5 32. Rbd1 Re4 33. Rd8+ Rxd8
34. Rxd8+ Kg7 35. Qd3 c4 36. Qd6 Qf3 37. Qd2 Re2 38. Qd4+ e5 0-1

[Event "SV Kamen 2 - SF Kirchhellen 1"]
[Site "Verbandsklasse - Gr. 1 2019/2"]
[Date "2020.03.01"]
[Round "7.8"]
[White "Zeitz, Max"]
[Black "Lange-Hegermann, Bernd"]
[Result "0-1"]
[WhiteElo "1454"]
[BlackElo "1673"]
[PlyCount "88"]
[EventDate "2020.??.??"]
[WhiteTeam "SV Kamen 2"]
[BlackTeam "SF Kirchhellen 1"]

1. d4 e6 2. Nf3 c5 3. e3 Nc6 4. Be2 d5 5. c4 Nf6 6. Nc3 dxc4 7. Bxc4 a6 8. O-O
b5 9. Bb3 Bb7 10. d5 exd5 11. Bxd5 b4 12. Bxc6+ Bxc6 13. Qxd8+ Rxd8 14. Ne5
Bxg2 15. Kxg2 bxc3 16. bxc3 Ne4 17. c4 f6 18. Nf3 Bd6 19. Bb2 Ke7 20. Rad1 Bc7
21. Rd5 Rxd5 22. cxd5 Rb8 23. Ba3 Kd6 24. Rc1 Kxd5 25. Nd2 Bd6 26. Nxe4 Kxe4
27. Bxc5 Rc8 28. Ba3 Rxc1 29. Bxc1 Kd3 30. Bb2 Kc2 31. Bd4 Ba3 32. Kf3 Kb1 33.
Ke4 Kxa2 34. Kd5 Kb3 35. Kc6 a5 36. Kb5 a4 37. f4 Bb4 38. e4 a3 39. Ba1 Bc3 40.
e5 fxe5 41. Bxc3 Kxc3 42. fxe5 a2 43. Kc6 a1=Q 44. e6 Qh1+ 0-1

[Event "SC Rochade Rüttenscheid 1 - SV Rochade "]
[Site "Verbandsklasse - Gr. 2 2019/2"]
[Date "2020.03.01"]
[Round "7.1"]
[White "Michalek, Franz"]
[Black "Michalek, Christoph"]
[Result "0-1"]
[WhiteElo "1908"]
[BlackElo "2058"]
[PlyCount "60"]
[EventDate "2020.??.??"]
[WhiteTeam "SV Rochade Eving 1"]
[BlackTeam "SC Rochade Rüttenscheid 1"]

1. d4 Nf6 2. Nf3 g6 3. c3 Bg7 4. Bg5 d6 5. Nbd2 h6 6. Bh4 Nbd7 7. e3 O-O 8. Qc2
e5 9. dxe5 dxe5 10. O-O-O Qe7 11. Ne4 Qe6 12. Nxf6+ Nxf6 13. Bxf6 Bxf6 14. Qb3
Qe7 15. Bc4 a6 16. a3 c6 17. Qb6 Bf5 18. Rd2 Rad8 19. Rhd1 Rxd2 20. Rxd2 Kg7
21. h3 Be4 22. a4 Rb8 23. Ne1 Qf8 24. f3 Bf5 25. g4 Bc8 26. Qc7 Ra8 27. f4 exf4
28. exf4 b5 29. Qxc6 Rb8 30. Rd6 Be7 0-1

[Event "SC Rochade Rüttenscheid 1 - SV Rochade "]
[Site "Verbandsklasse - Gr. 2 2019/2"]
[Date "2020.03.01"]
[Round "7.4"]
[White "Storp, Thomas"]
[Black "Sprungala, Erik"]
[Result "1/2-1/2"]
[WhiteElo "1832"]
[BlackElo "1833"]
[PlyCount "22"]
[EventDate "2020.??.??"]
[WhiteTeam "SC Rochade Rüttenscheid 1"]
[BlackTeam "SV Rochade Eving 1"]

1. c4 Nf6 2. d4 e6 3. Nc3 d5 4. e3 a6 5. Nf3 Be7 6. Be2 dxc4 7. Bxc4 b5 8. Bd3
Bb7 9. a3 c5 10. O-O cxd4 11. Nxd4 O-O 1/2-1/2

[Event "SC Rochade Rüttenscheid 1 - SV Rochade "]
[Site "Verbandsklasse - Gr. 2 2019/2"]
[Date "2020.03.01"]
[Round "7.8"]
[White "Luecking, Joerg"]
[Black "Regber, Karl-Heinz"]
[Result "1/2-1/2"]
[WhiteElo "1727"]
[BlackElo "1646"]
[PlyCount "20"]
[EventDate "2020.??.??"]
[WhiteTeam "SC Rochade Rüttenscheid 1"]
[BlackTeam "SV Rochade Eving 1"]

1. e4 c6 2. d4 d5 3. Nc3 e6 4. Nf3 Nf6 5. e5 Nfd7 6. Be2 Be7 7. O-O b6 8. Bf4
Ba6 9. a3 Bxe2 10. Nxe2 O-O 1/2-1/2

[Event "SK Sodingen/Castrop 3 - SW Oberhausen 1"]
[Site "Verbandsklasse - Gr. 2 2019/2"]
[Date "2020.03.01"]
[Round "7.1"]
[White "Puetter, Pascal"]
[Black "Zobiegala, Christoph"]
[Result "0-1"]
[WhiteElo "1973"]
[BlackElo "1954"]
[PlyCount "42"]
[EventDate "2020.??.??"]
[WhiteTeam "SW Oberhausen 1"]
[BlackTeam "SK Sodingen/Castrop 3"]

1. d4 Nf6 2. c4 e6 3. g3 d5 4. Bg2 Be7 5. Nf3 O-O 6. O-O dxc4 7. Qc2 a6 8. a4
Bd7 9. Ne5 Bc6 10. Nxc6 Nxc6 11. Bxc6 bxc6 12. Rd1 Qd5 13. Nc3 Qh5 14. e4 c5
15. d5 Ng4 16. f4 Rfd8 17. Qe2 Qh3 18. dxe6 fxe6 19. Rxd8+ Rxd8 20. a5 Rd3 21.
Ra4 Nxh2 0-1

[Event "SK Sodingen/Castrop 3 - SW Oberhausen 1"]
[Site "Verbandsklasse - Gr. 2 2019/2"]
[Date "2020.03.01"]
[Round "7.2"]
[White "Lucke, Thomas"]
[Black "Hortolani, Sven-Holger"]
[Result "1/2-1/2"]
[WhiteElo "1851"]
[BlackElo "2029"]
[PlyCount "69"]
[EventDate "2020.??.??"]
[WhiteTeam "SK Sodingen/Castrop 3"]
[BlackTeam "SW Oberhausen 1"]

1. d4 g6 2. Nf3 Bg7 3. g3 c5 4. c3 Na6 5. Bg2 Nf6 6. O-O O-O 7. Nbd2 d5 8. b3
cxd4 9. cxd4 Nb4 10. a3 Nc6 11. b4 Ne4 12. Nb3 Qb6 13. e3 a5 14. bxa5 Nxa5 15.
Nxa5 Rxa5 16. Bd2 Rb5 17. Bb4 Nd6 18. Nd2 Bf5 19. Nb1 Rxb4 20. axb4 e6 21. Qa4
Rc8 22. Na3 Nc4 23. Rfc1 Bf8 24. Nxc4 dxc4 25. b5 c3 26. e4 Bg4 27. f3 e5 28.
fxg4 exd4 29. Rf1 d3+ 30. Kh1 Bh6 31. Qb3 Qe6 32. Qxe6 fxe6 33. e5 c2 34. Bxb7
Rc4 35. Bc6 1/2-1/2

[Event "SK Sodingen/Castrop 3 - SW Oberhausen 1"]
[Site "Verbandsklasse - Gr. 2 2019/2"]
[Date "2020.03.01"]
[Round "7.3"]
[White "Schwerdtfeger, Joachim"]
[Black "Balke, Reiner"]
[Result "1-0"]
[WhiteElo "1862"]
[BlackElo "1892"]
[PlyCount "75"]
[EventDate "2020.??.??"]
[WhiteTeam "SW Oberhausen 1"]
[BlackTeam "SK Sodingen/Castrop 3"]

1. e4 b6 2. d4 Bb7 3. Bd3 e6 4. Nf3 Nf6 5. Qe2 Be7 6. O-O c5 7. a3 c4 8. Bxc4
Nxe4 9. Nbd2 Nf6 10. Ne5 O-O 11. Bd3 d6 12. Nef3 Nc6 13. Re1 d5 14. Nf1 h6 15.
c3 Na5 16. Bf4 Bc6 17. Ng3 Nh7 18. Ne5 Be8 19. Bc2 f5 20. Nd3 Bd7 21. Ne5 Be8
22. b4 Nb7 23. Nc6 Bxc6 24. Qxe6+ Rf7 25. Qxc6 Rc8 26. Qxb7 Bg5 27. Bxg5 Nxg5
28. Qa6 f4 29. Nf1 f3 30. Qd3 fxg2 31. Kxg2 Ne4 32. Rxe4 dxe4 33. Qxe4 Kf8 34.
Re1 Qf6 35. Re2 Rd8 36. Bb3 Qg5+ 37. Ng3 Rf4 38. Qe6 1-0